Narodowości wszystkich bramkarzy Premier League - Statystyki

Ogólne statystyki
  • Ten quiz został rozwiązany 193 razy
    80 od ostatniego zresetowania
  • Średni wynik to 63 z 69
Statystyki odpowiedzi
Klub Imię i Nazwisko Narodowość % Poprawnych
Arsenal Aaron Ramsdale Anglia
100%
Tottenham Alfie Whiteman Anglia
100%
Everton Andy Lonergan Anglia
100%
Tottenham Brandon Austin Anglia
100%
Wolverhampton Daniel Bentley Anglia
100%
Crystal Palace Dean Henderson Anglia
100%
Brentford Ellery Balcombe Anglia
100%
Tottenham Fraser Forster Anglia
100%
Luton James Shea Anglia
100%
Burnley James Trafford Anglia
100%
Brighton Jason Steele Anglia
100%
Crystal Palace Joe Whitworth Anglia
100%
Everton Jordan Pickford Anglia
100%
Westham Joseph Anang Anglia
100%
Newcastle Nick Pope Anglia
100%
Crystal Palace Remi Matthews Anglia
100%
Crystal Palace Sam Johnstone Anglia
100%
Man City Scott Carson Anglia
100%
Man United Tom Heaton Anglia
100%
Sheffield Wes Foderingham Anglia
100%
Fulham Bernd Leno Niemcy
100%
Newcastle Loris Karius Niemcy
100%
Man City Stefan Ortega Niemcy
100%
Fulham Steven Benda Niemcy
100%
Liverpool Alisson B. Brazylia
99%
Man City Ederson M. Brazylia
99%
Bournemouth Neto Brazylia
99%
Liverpool Adrian Hiszpania
99%
Arsenal David Raya Hiszpania
99%
Chelsea Robert Sanchez Hiszpania
99%
Westham Łukasz Fabiański Polska
99%
Burnley Denis Franchi Włochy
97%
Tottenham Guglielmo Vicario Włochy
97%
Chelsea Marcus Bettinelli Włochy
97%
Westham Alphonse Areola Francja
96%
Tottenham Hugo Lloris Francja
96%
Brighton Bart Verbruggen Holandia
96%
Brentford Mark Flekken Holandia
96%
Luton Tim Krul Holandia
96%
Liverpool Caoimhin Kelleher Irlandia
95%
Bournemouth Darren Randolph Irlandia
95%
Bournemouth Mark Travers Irlandia
95%
Everton Joao Virginia Portugalia
95%
Wolverhampton Jose Sa Portugalia
95%
Aston Villa Robin Olsen Szwecja
95%
Sheffield Ivo Grbic Chorwacja
94%
Fulham Marek Rodak Słowacja
92%
Newcastle Martin Dubravka Słowacja
92%
Aston Villa Emiliano Martinez Argentyna
91%
Nottm Forest Ethan Horvath USA
91%
Nottm Forest Matt Turner USA
91%
Man City Zack Steffen USA
91%
Man United Andre Onana Kamerun
90%
Sheffield Adam Davies Walia
88%
Wolverhampton Tom King Walia
88%
Nottm Forest Wayne Hennessey Walia
88%
Luton Thomas Kaminski Belgia
87%
Nottm Forest Odysseas Vlachodimos Grecja
86%
Chelsea Djordje Petrovic Serbia
83%
Bournemouth Andrei Radu Rumunia
81%
Brentford Hakon Valdimarsson Islandia
78%
Man United Altay Bayindir Turcja
75%
Brentford Thomas Strakosha Albania
74%
Chelsea Lucas Bergstrom Finlandia
73%
Arsenal Karl Hein Estonia
64%
Brighton Tom McGill Kanada
62%
Burnley Arijamet Muric Kosowo
55%
Sheffield Jordan Amissah Ghana
40%
Burnley Lawrence Vigouroux Chile
29%
Nie znaleziono quizów pasujących do podanych kryteriów
Rozkład punktacji
Procent ludzi z każdym wynikiem
Percentyl według liczby udzielonych odpowiedzi
Twoja historia wyników
Nie rozwiązałeś tego quizu od ostatniego zresetowania